000 02291cam a2200241 4500500
005 20260308003857.0
041 _afre
042 _adc
100 1 0 _aGarcía-Alonso, Marta
_eauthor
245 0 0 _aLa fundamentación teológico-política de la desigualdad de sexos de Feijoo
260 _c2024.
500 _a60
520 _aEn este trabajo defenderemos que vincular el análisis de la desigualdad de sexos a la discusión sobre la fundamentación de la política, no únicamente en relación al debate sobre las capacidades naturales y morales de las mujeres, ofrece una comprensión más cabal de Feijoo. En ese sentido, compararemos su pensamiento sobre las mujeres con dos autores contemporáneos que él mismo cita en su trabajo : Malebranche y Poulain de la Barre. Veremos que al compararlo con su correligionario Malebranche, las tesis del benedictino resultan favorables a la mujer y le sitúan como un importante defensor español por la igualdad educativa de sexos. Sin embargo, si cotejamos su interpretación con la ofrecida por Poulain de la Barre, repararemos en que para Feijoo la dominación política de sexos se asienta en la voluntad divina, mientras que Poulain ofrece una lectura del texto bíblico del Génesis no patriarcal.
520 _aWhereas other interpreters of Feijoo's views about women have focused on their natural and moral capacity, I will focus here on his views on women in politics. I will contrast Feijoo's views with those of Malebranche and Poulain de la Barre, both cited in his own work. Feijoo is comparatively more positive than Malebranche about the rights of women, making him a pioneer in the defence of women's education in Spain. If we compare instead Feijoo's interpretation of Genesis with Poulain de la Barre's, we'll see that for Feijoo the inequality of sexes is based on divine will, whereas Poulain presents a non-patriarchal interpretation of the biblical text.
690 _aDefensa de las mujeres
690 _aFeijoo
690 _afeminism
690 _aMalebranche
690 _apolitical-theology
690 _aPoulain de la Barre
786 0 _nAraucaria | 55 | 1 | 2024-08-12 | p. 379-396 | 1575-6823
856 4 1 _uhttps://shs.cairn.info/revista-araucaria-2024-1-page-379?lang=es&redirect-ssocas=7080
999 _c1677918
_d1677918